[Event "AUT-ch Open 2020"]
[Site "Graz"]
[Date "2020.02.21"]
[Round "9.16"]
[White "Horvath, Dominik"]
[Black "Barp, Alberto"]
[Result "1/2-1/2"]
[WhiteElo "2450"]
[BlackElo "2450"]
[Annotator "RC"]
[PlyCount "131"]
[EventDate "2020.02.14"]
[EventType "swiss"]
[EventCountry "AUT"]
[SourceTitle "playchess.com"]
[Source "ChessBase"]
[SourceQuality "1"]

1. d4 d5 2. c4 e6 3. Nf3 Nf6 4. g3 Bb4+ 5. Nbd2 dxc4 6. a3 Bxd2+ 7. Bxd2 Bd7 8. e3 Bb5 9. Rc1 O-O 10. Bxc4 Bxc4 11. Rxc4 Nc6 12. O-O Ne4 13. Bb4 Re8 14. Ne5 Qd5 15. Rxc6 bxc6 16. f3 Nd6 17. Bc5 f6 18. e4 Qa2 19. Nxc6 Qxb2 20. Bb4 a5 21. Rf2 Qxf2+ 22. Kxf2 axb4 23. a4 Nb7 24. Qc2 b3 25. Qxb3 Na5 26. Qb5 Nxc6 27. Qxc6 Kf8 28. Qc5+ Kf7 29. a5 Ra6 30. d5 exd5 31. exd5 Rc8 32. g4 Kg8 33. Qc4 Rd6 34. Ke3 Re8+ 35. Kf2 Ra8 36. Qxc7 Rxd5 37. a6 Rdd8 38. a7 Re8 39. Qb7 Rad8 40. h4 h6 41. h5 Kh8 42. Kg3 Kh7 43. Qb1+ Kh8 44. Qb7 Kh7 45. Kh4 Kh8 46. f4 Kh7 47. Qb1+ Kg8 48. Qb3+ Kh8 49. Qa4 Rf8 50. g5 fxg5+ 51. fxg5 hxg5+ 52. Kxg5 Rf6 53. a8=Q Rxa8 54. Qxa8+ Kh7 55. Qe8 Rh6 56. Qe4+ Kg8 57. Qe8+ Kh7 58. Kf5 Rf6+ 59. Ke5 Rh6 60. Kd5 Rf6 61. Qe4+ Kg8 62. Qb1 Kh8 63. Qg6 Rxg6 64. hxg6 Kg8 65. Ke6 Kh8 66. Kf7 1/2-1/2

[Event "AUT-ch Open 2020"]
[Site "Graz"]
[Date "2020.02.21"]
[Round "9.17"]
[White "Soham Das"]
[Black "Buonanno, Raffaele"]
[Result "1-0"]
[WhiteElo "2336"]
[BlackElo "2151"]
[Annotator "NA"]
[PlyCount "74"]
[EventDate "2020.02.14"]
[EventType "swiss"]
[EventCountry "AUT"]
[SourceTitle "playchess.com"]
[Source "ChessBase"]
[SourceQuality "1"]

1. e4 d5 2. exd5 Qxd5 3. Nc3 Qd6 4. d4 Nf6 5. Nf3 c6 6. Ne5 Nbd7 7. f4 Nb6 8. g4 g6 9. Bg2 Bg7 10. O-O Nbd5 11. h3 O-O 12. Kh1 Nxc3 13. bxc3 Be6 14. c4 Rad8 15. f5 Bc8 16. c3 c5 17. Ba3 b6 18. Nc6 Rd7 19. Qe2 Bb7 20. d5 gxf5 21. gxf5 Bh6 22. Nxa7 Qg3 23. Nc6 Bf4 24. Rxf4 Qxf4 25. Ne5 Rdd8 26. Rf1 Qh4 27. Nf3 Qe4 28. Qd2 Qxc4 29. Ne5 Qa4 30. Qg5+ Kh8 31. Rg1 Ne4 32. Qh6 Bxd5 33. c4 Ng3+ 34. Kh2 Nxf5 35. Bb2 f6 36. Ng6+ Kg8 37. Bxd5+ Rxd5 1-0

[Event "AUT-ch Open 2020"]
[Site "Graz"]
[Date "2020.02.21"]
[Round "9.17"]
[White "Lim, Zhuo Ren"]
[Black "Gajek, Radoslaw"]
[Result "0-1"]
[WhiteElo "2296"]
[BlackElo "2438"]
[Annotator "ChessBase"]
[PlyCount "106"]
[EventDate "2020.02.14"]
[EventType "swiss"]
[EventCountry "AUT"]
[SourceTitle "playchess.com"]
[Source "ChessBase"]
[SourceQuality "1"]

1. d4 Nf6 2. c4 e6 3. Nf3 d5 4. g3 dxc4 5. Bg2 Bd7 6. Ne5 Bc6 7. Nxc6 Nxc6 8. Qa4 Qd7 9. Bxc6 Qxc6 10. Qxc6+ bxc6 11. O-O O-O-O 12. Nd2 Rxd4 13. e3 Rd5 14. Nxc4 h5 15. b3 h4 16. Bb2 Ne4 17. Rad1 hxg3 18. hxg3 Rxd1 19. Rxd1 Rh1+ 20. Kxh1 Nxf2+ 21. Kg2 Nxd1 22. Bd4 f6 23. Kf3 e5 24. Ba1 Bb4 25. Ke2 Nc3+ 26. Bxc3 Bxc3 27. Kd3 Be1 28. g4 Kd7 29. e4 Ke6 30. a3 Kf7 31. Ke2 Bc3 32. Kd3 Bd4 33. Nd2 Bb6 34. Kc4 Be3 35. Nf3 Ke6 36. Kd3 Bc1 37. a4 Kd6 38. Nh4 Kc5 39. Nf5 g6 40. Ne7 Kd6 41. Nxg6 Bg5 42. Kc4 Ke6 43. Nh8 Ke7 44. Kc5 Kf8 45. Ng6+ Kf7 46. Nxe5+ fxe5 47. Kxc6 Kf6 48. Kxc7 Be3 49. b4 Kg5 50. Kd6 Bd4 51. b5 Kxg4 52. a5 Kf4 53. Kd5 Bg1 0-1

[Event "AUT-ch Open 2020"]
[Site "Graz"]
[Date "2020.02.21"]
[Round "9.18"]
[White "Schnider, Gert"]
[Black "Milikow, Yoav"]
[Result "1-0"]
[WhiteElo "2429"]
[BlackElo "2296"]
[Annotator "ChessBase"]
[PlyCount "61"]
[EventDate "2020.02.14"]
[EventType "swiss"]
[EventCountry "AUT"]
[SourceTitle "playchess.com"]
[Source "ChessBase"]
[SourceQuality "1"]

1. e4 e6 2. d4 d5 3. Nd2 c5 4. exd5 exd5 5. Ngf3 Nc6 6. Bb5 Qe7+ 7. Be2 Qc7 8. O-O Nf6 9. Re1 Be6 10. Bd3 O-O-O 11. dxc5 Bxc5 12. Nb3 Bb6 13. c3 Ng4 14. Re2 d4 15. c4 a5 16. Bg5 Rd7 17. Bh4 Nb4 18. c5 Ba7 19. Bb5 Rdd8 20. Bg3 Qe7 21. Nbxd4 Bb8 22. Qe1 Bxg3 23. hxg3 Qf6 24. a3 h5 25. Nxe6 h4 26. Nxd8 hxg3 27. fxg3 Nc2 28. Rxc2 Qh6 29. Nh4 Rxd8 30. c6 g5 31. cxb7+ 1-0

[Event "AUT-ch Open 2020"]
[Site "Graz"]
[Date "2020.02.21"]
[Round "9.18"]
[White "Papakonstantinou, Dimitrios"]
[Black "Golecki, Jan"]
[Result "0-1"]
[WhiteElo "2275"]
[BlackElo "2112"]
[Annotator "NA"]
[PlyCount "68"]
[EventDate "2020.02.14"]
[EventType "swiss"]
[EventCountry "AUT"]
[SourceTitle "playchess.com"]
[Source "ChessBase"]
[SourceQuality "1"]

1. e4 e5 2. Nf3 Nc6 3. d4 exd4 4. Nxd4 Nf6 5. Nxc6 bxc6 6. e5 Qe7 7. Qe2 Nd5 8. c4 Ba6 9. Nd2 Nb6 10. b3 g6 11. Bb2 Bg7 12. O-O-O O-O 13. h4 Rfe8 14. f4 d6 15. Re1 d5 16. Rh3 dxc4 17. Qe4 Bc8 18. Rc3 cxb3 19. Nxb3 Nd5 20. Rxc6 Nb4 21. Ba3 Nd3+ 22. Bxd3 Qxa3+ 23. Kb1 Bb7 24. Bb5 Rab8 25. Qc4 Bxc6 26. Bxc6 Rb4 27. Qc2 Reb8 28. Bd5 Rxf4 29. Qxc7 Qb4 30. Rd1 Qb6 31. Qe7 Rf2 32. h5 gxh5 33. Bc4 Qg6+ 34. Bd3 Qxg2 0-1

[Event "AUT-ch Open 2020"]
[Site "Graz"]
[Date "2020.02.21"]
[Round "9.19"]
[White "Danner, Georg"]
[Black "Handler, Lukas"]
[Result "0-1"]
[WhiteElo "2295"]
[BlackElo "2422"]
[Annotator "ChessBase"]
[PlyCount "73"]
[EventDate "2020.02.14"]
[EventType "swiss"]
[EventCountry "AUT"]
[SourceTitle "playchess.com"]
[Source "ChessBase"]
[SourceQuality "1"]

1. d4 d5 2. Nf3 Nf6 3. c4 e6 4. e3 b6 5. Bd3 Bb7 6. O-O Bd6 7. Nc3 O-O 8. Nb5 dxc4 9. Bxc4 Be7 10. Qe2 c5 11. Rd1 Qc8 12. dxc5 Qxc5 13. b4 Qc8 14. a3 Rd8 15. Rxd8+ Qxd8 16. Bb2 Nbd7 17. Rd1 a6 18. Nbd4 Qe8 19. h3 b5 20. Bb3 Nb6 21. Ne5 Bd5 22. Bxd5 Nfxd5 23. e4 Nf6 24. Ndf3 Nfd7 25. Nxd7 Nxd7 26. Qe3 Bf8 27. Qd4 Nb8 28. Ne5 Nc6 29. Nxc6 Qxc6 30. Rc1 Qe8 31. Qb6 Qd8 32. Bd4 Be7 33. Qxd8+ Bxd8 34. Rc6 Kf8 35. Kf1 g6 36. Ke2 Ke8 37. Bc5 0-1

[Event "AUT-ch Open 2020"]
[Site "Graz"]
[Date "2020.02.21"]
[Round "9.19"]
[White "Schernthaner, David"]
[Black "Hafner, Robert"]
[Result "1-0"]
[WhiteElo "2262"]
[BlackElo "2053"]
[Annotator "ChessBase"]
[PlyCount "83"]
[EventDate "2020.02.14"]
[EventType "swiss"]
[EventCountry "AUT"]
[SourceTitle "playchess.com"]
[Source "ChessBase"]
[SourceQuality "1"]

1. d4 d5 2. c4 c6 3. cxd5 cxd5 4. Bg5 Nf6 5. Bxf6 gxf6 6. Nc3 e6 7. e3 Nc6 8. Bd3 Bd7 9. Nf3 Be7 10. O-O O-O 11. Kh1 Kh8 12. Rc1 Rg8 13. Rg1 f5 14. Bb1 Rg7 15. a3 Qg8 16. b4 Qd8 17. Qd3 Be8 18. g4 fxg4 19. Rxg4 f5 20. Rxg7 Kxg7 21. Rg1+ Kh8 22. Qf1 Bh5 23. Qh3 Bxf3+ 24. Qxf3 Qf8 25. Qh5 Rd8 26. Ne2 Bd6 27. Qh4 Rd7 28. b5 Nd8 29. a4 Rg7 30. Rxg7 Kxg7 31. Nf4 Bxf4 32. Qxf4 Nf7 33. Qc7 Qb4 34. Bd3 Qxa4 35. Be2 Qb4 36. Bh5 Qf8 37. Qxb7 Kf6 38. Qxa7 Nd6 39. b6 Ne4 40. Qxh7 Qb4 41. Qg6+ Ke7 42. Qf7+ 1-0

[Event "AUT-ch Open 2020"]
[Site "Graz"]
[Date "2020.02.21"]
[Round "9.20"]
[White "Schwabeneder, Florian"]
[Black "Steindl, Johannes"]
[Result "1-0"]
[WhiteElo "2412"]
[BlackElo "2273"]
[Annotator "ChessBase"]
[PlyCount "65"]
[EventDate "2020.02.14"]
[EventType "swiss"]
[EventCountry "AUT"]
[SourceTitle "playchess.com"]
[Source "ChessBase"]
[SourceQuality "1"]

1. Nf3 g6 2. e4 c6 3. d4 d5 4. Nc3 Bg7 5. h3 dxe4 6. Nxe4 Nd7 7. Bc4 Ngf6 8. Nxf6+ Nxf6 9. O-O O-O 10. Re1 Qd6 11. Qe2 Nd5 12. c3 Bd7 13. Bb3 Rae8 14. c4 Nf4 15. Qe4 Nh5 16. Bg5 Nf6 17. Qe3 Bf5 18. Rad1 b5 19. Bf4 Qd8 20. d5 bxc4 21. dxc6 Qc8 22. Ba4 Qa6 23. Qa3 c3 24. Nd4 cxb2 25. Nxf5 gxf5 26. Be5 e6 27. Qxb2 Qxa4 28. Bxf6 Rb8 29. Qc3 Bxf6 30. Qxf6 Qxc6 31. Re3 Rfc8 32. Rg3+ Kf8 33. Rg7 1-0

[Event "AUT-ch Open 2020"]
[Site "Graz"]
[Date "2020.02.21"]
[Round "9.20"]
[White "Higatsberger, Michael"]
[Black "Tisaj, Domen"]
[Result "0-1"]
[WhiteElo "2096"]
[BlackElo "2245"]
[Annotator "NA"]
[PlyCount "92"]
[EventDate "2020.02.14"]
[EventType "swiss"]
[EventCountry "AUT"]
[SourceTitle "playchess.com"]
[Source "ChessBase"]
[SourceQuality "1"]

1. e4 c5 2. Nf3 Nc6 3. Bb5 Nf6 4. Bxc6 dxc6 5. d3 Bg4 6. h3 Bh5 7. Nbd2 Nd7 8. g4 Bg6 9. e5 Qc7 10. Qe2 O-O-O 11. Ne4 h5 12. Ng3 hxg4 13. hxg4 Rxh1+ 14. Nxh1 Qa5+ 15. Kf1 e6 16. Ng3 Be7 17. Bd2 Qa4 18. c4 Qc2 19. Ne4 Qxb2 20. Bc3 Qxe2+ 21. Kxe2 Bxe4 22. dxe4 Rh8 23. Bd2 Rh3 24. Rc1 Kc7 25. a4 b6 26. Rb1 a6 27. Bf4 Nf8 28. Bg3 Ng6 29. Ng1 Rh1 30. Kf1 Bg5 31. Kg2 Rh8 32. Nh3 Bh4 33. Bxh4 Nxh4+ 34. Kg3 Ng6 35. f4 Rd8 36. Ng5 Rd3+ 37. Kf2 Nxf4 38. Nxf7 Rd7 39. Ng5 Nd3+ 40. Ke3 Nxe5 41. Nxe6+ Kd6 42. Ng5 Nxc4+ 43. Kf4 Re7 44. Rd1+ Kc7 45. Rh1 b5 46. Rc1 Kb6 0-1

[Event "AUT-ch Open 2020"]
[Site "Graz"]
[Date "2020.02.21"]
[Round "9.21"]
[White "Karthikeyan, P.."]
[Black "Stukan, Martin"]
[Result "1/2-1/2"]
[WhiteElo "2406"]
[BlackElo "2292"]
[Annotator "ChessBase"]
[PlyCount "41"]
[EventDate "2020.02.14"]
[EventType "swiss"]
[EventCountry "AUT"]
[SourceTitle "playchess.com"]
[Source "ChessBase"]
[SourceQuality "1"]

1. e4 c5 2. Nc3 d6 3. d4 cxd4 4. Qxd4 Nc6 5. Qd2 g6 6. b3 Bh6 7. f4 f5 8. Bb2 Nf6 9. O-O-O fxe4 10. g3 Be6 11. Nxe4 Nxe4 12. Qe1 Qa5 13. Bxh8 Nb4 14. Qxe4 Rc8 15. Rd2 Bf5 16. Qxb7 Qa3+ 17. Bb2 Nxa2+ 18. Kb1 Nc3+ 19. Kc1 Na2+ 20. Kb1 Nc3+ 21. Kc1 1/2-1/2

[Event "AUT-ch Open 2020"]
[Site "Graz"]
[Date "2020.02.21"]
[Round "9.21"]
[White "Frosch, Erich"]
[Black "Schloffer, Jasmin-Denise"]
[Result "0-1"]
[WhiteElo "2210"]
[BlackElo "2080"]
[Annotator "ChessBase"]
[PlyCount "26"]
[EventDate "2020.02.14"]
[EventType "swiss"]
[EventCountry "AUT"]
[SourceTitle "playchess.com"]
[Source "ChessBase"]
[SourceQuality "1"]

1. Nf3 Nf6 2. b3 e6 3. Bb2 d5 4. e3 Be7 5. Be2 O-O 6. O-O c5 7. c4 b6 8. d4 Bb7 9. dxc5 Bxc5 10. cxd5 Nxd5 11. Ne5 Nc6 12. Nxc6 Bxc6 13. Nd2 Nxe3 0-1

[Event "AUT-ch Open 2020"]
[Site "Graz"]
[Date "2020.02.21"]
[Round "9.22"]
[White "Ozturk, Kubra"]
[Black "Ioannidis, Evgenios"]
[Result "1-0"]
[WhiteElo "2286"]
[BlackElo "2399"]
[Annotator "ChessBase"]
[PlyCount "41"]
[EventDate "2020.02.14"]
[EventType "swiss"]
[EventCountry "AUT"]
[SourceTitle "playchess.com"]
[Source "ChessBase"]
[SourceQuality "1"]

1. d4 d5 2. c4 c6 3. cxd5 cxd5 4. Bf4 Nc6 5. e3 Nf6 6. Nc3 Bg4 7. Qb3 Na5 8. Bb5+ Bd7 9. Qd1 e6 10. Bd3 Rc8 11. Nf3 Nc4 12. Qe2 Nxb2 13. Qxb2 Qa5 14. Qxb7 Bb4 15. O-O Bxc3 16. Rab1 O-O 17. Bd6 Bc6 18. Qa6 Rfd8 19. Ne5 Ba4 20. Qb7 Be8 21. Be7 1-0

[Event "AUT-ch Open 2020"]
[Site "Graz"]
[Date "2020.02.21"]
[Round "9.22"]
[White "Polterauer, Chiara"]
[Black "Eizaguerri Floris, Maria"]
[Result "1/2-1/2"]
[WhiteElo "2187"]
[BlackElo "2014"]
[Annotator "ChessBase"]
[PlyCount "88"]
[EventDate "2020.02.14"]
[EventType "swiss"]
[EventCountry "AUT"]
[SourceTitle "playchess.com"]
[Source "ChessBase"]
[SourceQuality "1"]

1. e4 c5 2. Nf3 e6 3. d4 cxd4 4. Nxd4 Nc6 5. Nc3 a6 6. Be3 Nf6 7. Qf3 Bd6 8. Nxc6 bxc6 9. O-O-O Be5 10. Bf4 Qc7 11. g3 O-O 12. Bd3 d5 13. Bxe5 Qxe5 14. Rhe1 Qg5+ 15. Rd2 Rb8 16. e5 Nd7 17. Qe2 Qe7 18. Nd1 Nc5 19. Qh5 Nxd3+ 20. Rxd3 c5 21. g4 f5 22. Kb1 Bd7 23. Rh3 g6 24. Qh6 fxg4 25. Rg3 Rb4 26. Ne3 Qg7 27. Qxg7+ Kxg7 28. Nxg4 Rf5 29. Nf6 Bb5 30. Rc3 Rc4 31. Rxc4 Bxc4 32. b3 Bb5 33. a4 Bc6 34. Re2 Rf4 35. Kc1 Rh4 36. f3 Rf4 37. Rf2 h5 38. Kd2 Rd4+ 39. Ke3 Rd1 40. Rg2 Kf7 41. Kf4 Rd4+ 42. Kg5 Kg7 43. f4 c4 44. Re2 Rd1 1/2-1/2

[Event "AUT-ch Open 2020"]
[Site "Graz"]
[Date "2020.02.21"]
[Round "9.23"]
[White "Neuschmied, Siegfried"]
[Black "Hoefelsauer, Thomas"]
[Result "1/2-1/2"]
[WhiteElo "2390"]
[BlackElo "2390"]
[Annotator "ChessBase"]
[PlyCount "130"]
[EventDate "2020.02.14"]
[EventType "swiss"]
[EventCountry "AUT"]
[SourceTitle "playchess.com"]
[Source "ChessBase"]
[SourceQuality "1"]

1. e4 c6 2. d4 d5 3. exd5 cxd5 4. Bd3 Nc6 5. c3 Nf6 6. h3 g6 7. Bf4 Bg7 8. Nf3 Bf5 9. Be2 O-O 10. O-O Rc8 11. Re1 Ne4 12. Nbd2 Re8 13. Nxe4 Bxe4 14. Nd2 Bf5 15. Nf1 a6 16. Ne3 Be6 17. h4 b5 18. a3 Na5 19. h5 Nc4 20. hxg6 hxg6 21. Qc2 Qd7 22. Bd3 Nxe3 23. Rxe3 Bf5 24. Rae1 Bf6 25. Bxf5 Qxf5 26. Qxf5 gxf5 27. Rh3 Rc6 28. Rh5 Re6 29. Rb1 Kg7 30. Rxf5 Rd8 31. Rh5 Re4 32. Be3 e6 33. Kf1 a5 34. Ke2 Rh4 35. Rxh4 Bxh4 36. Bf4 Be7 37. Bc7 Ra8 38. Kd3 f6 39. Bf4 Rh8 40. Bc7 a4 41. Ba5 Rh2 42. Rg1 Kg6 43. Ke3 Bd6 44. g3 e5 45. Bb4 Bc7 46. Rb1 e4 47. b3 f5 48. bxa4 bxa4 49. c4 f4+ 50. gxf4 Kf5 51. cxd5 Bxf4+ 52. Ke2 e3 53. Rf1 Ke4 54. d6 Rxf2+ 55. Rxf2 exf2 56. d7 Bc7 57. Bc5 Kd5 58. Kxf2 Kc6 59. Ke2 Kxd7 60. Kd3 Ke6 61. Kc4 Bd8 62. Kb5 Bf6 63. Kxa4 Bxd4 64. Bxd4 Kd7 65. Kb5 Kc7 1/2-1/2

[Event "AUT-ch Open 2020"]
[Site "Graz"]
[Date "2020.02.21"]
[Round "9.24"]
[White "Tomazini, Zan"]
[Black "Ohanyan, Emin"]
[Result "1-0"]
[WhiteElo "2209"]
[BlackElo "2209"]
[Annotator "ChessBase"]
[PlyCount "113"]
[EventDate "2020.02.14"]
[EventType "swiss"]
[EventCountry "AUT"]
[SourceTitle "playchess.com"]
[Source "ChessBase"]
[SourceQuality "1"]

1. e4 e5 2. Nf3 Nc6 3. Bc4 Nf6 4. d3 Bc5 5. Bb3 d6 6. c3 a6 7. Nbd2 Qe7 8. h3 Ba7 9. Nf1 h6 10. Ng3 Be6 11. O-O Qd7 12. d4 exd4 13. cxd4 d5 14. e5 Ne4 15. Nxe4 dxe4 16. d5 exf3 17. dxe6 fxe6 18. Qxf3 O-O-O 19. Ba4 Rhf8 20. Qg3 Qd5 21. Bxc6 Qxc6 22. Be3 Bxe3 23. Qxe3 Kb8 24. Rac1 Qd5 25. b3 Qd4 26. Qe2 Rd5 27. Rfd1 Qf4 28. Rxd5 Qxc1+ 29. Rd1 Qg5 30. Rd3 Rd8 31. Rg3 Qc1+ 32. Kh2 Rd7 33. Qg4 Qc6 34. Qf4 Qc5 35. Rg6 Qe7 36. Qg4 Qc5 37. Rxe6 Rd2 38. f4 Qc1 39. Qxg7 Rd1 40. Rf6 Rh1+ 41. Kg3 Qe3+ 42. Kh4 Rf1 43. Qxh6 Qe1+ 44. g3 Ka7 45. Qg7 Qc3 46. Rf7 Rh1 47. Rxc7 Qf3 48. Qg4 Qe4 49. e6 Qd4 50. Qg7 Qd8+ 51. e7 Qxc7 52. Qd4+ b6 53. e8=Q Qh7+ 54. Kg5 Rd1 55. Qxd1 Qg7+ 56. Qg6 Qe7+ 57. Qf6 1-0

[Event "AUT-ch Open 2020"]
[Site "Graz"]
[Date "2020.02.21"]
[Round "9.26"]
[White "Pasti, Aron"]
[Black "Halvax, Georg"]
[Result "1/2-1/2"]
[WhiteElo "2247"]
[BlackElo "2428"]
[Annotator "ChessBase"]
[PlyCount "97"]
[EventDate "2020.02.14"]
[EventType "swiss"]
[EventCountry "AUT"]
[SourceTitle "playchess.com"]
[Source "ChessBase"]
[SourceQuality "1"]

1. e4 c5 2. c4 Nc6 3. Nf3 e5 4. g3 d6 5. Bg2 g6 6. d3 Bg7 7. O-O Nge7 8. Ne1 O-O 9. Nc3 h6 10. f4 f5 11. Be3 a6 12. Nc2 Rb8 13. Qd2 Kh7 14. Rab1 Be6 15. a3 Nd4 16. b4 fxe4 17. Nxe4 Nef5 18. Bf2 Nxc2 19. Qxc2 exf4 20. bxc5 Nd4 21. Bxd4 Bxd4+ 22. Kh1 dxc5 23. Rxf4 Rxf4 24. gxf4 Qc7 25. Qd2 b5 26. cxb5 Rxb5 27. Rf1 Rb2 28. Qe1 Bf5 29. Qh4 Kg7 30. Re1 Bxe4 31. Bxe4 Qd6 32. Qg4 Rf2 33. Bxg6 Rxf4 34. Qg3 Bf2 35. Re7+ Qxe7 36. Qxf4 Qe1+ 37. Kg2 Qg1+ 38. Kf3 Kxg6 39. Qd6+ Kh5 40. Qd5+ Qg5 41. Qf7+ Kh4 42. Kxf2 Kh3 43. Qe6+ Kxh2 44. Qd6+ Kh3 45. Qe6+ Kh4 46. Qxa6 h5 47. Qc4+ Kh3 48. Qe6+ Kh2 49. Qd6+ 1/2-1/2

[Event "AUT-ch Open 2020"]
[Site "Graz"]
[Date "2020.02.21"]
[Round "9.27"]
[White "Shengelia, David"]
[Black "Welling, Gerard"]
[Result "1-0"]
[WhiteElo "2557"]
[BlackElo "2557"]
[Annotator "TA"]
[PlyCount "113"]
[EventDate "2020.02.14"]
[EventType "swiss"]
[EventCountry "AUT"]
[SourceTitle "playchess.com"]
[Source "ChessBase"]
[SourceQuality "1"]

1. d4 g6 2. e4 Bg7 3. Nc3 c6 4. h3 d5 5. Nf3 dxe4 6. Nxe4 Nf6 7. Nxf6+ exf6 8. Bc4 O-O 9. O-O Nd7 10. Bf4 Nb6 11. Bb3 a5 12. a4 Nd5 13. Bg3 Be6 14. Re1 Bh6 15. Nd2 f5 16. Be5 Re8 17. Nc4 Bf8 18. Qf3 Nb4 19. Re2 f6 20. Bg3 Bf7 21. Rxe8 Qxe8 22. c3 Nd5 23. Bd6 Qe4 24. Qxe4 fxe4 25. Bxf8 Kxf8 26. Nd6 b6 27. Re1 f5 28. f3 exf3 29. Nxf7 Kxf7 30. gxf3 Kf6 31. Bxd5 cxd5 32. Re5 Rd8 33. f4 h6 34. Kf2 Rd6 35. h4 g5 36. fxg5+ hxg5 37. hxg5+ Kxg5 38. Kg3 Rd8 39. Re6 Rb8 40. Rd6 b5 41. Rxd5 bxa4 42. Rxa5 Rxb2 43. Rxa4 Rd2 44. Rc4 Rd3+ 45. Kf2 f4 46. Ke2 Re3+ 47. Kd2 Re8 48. Rc7 Kf6 49. Rh7 Kf5 50. Kd3 f3 51. Rf7+ Kg4 52. d5 Kg3 53. c4 f2 54. d6 Re1 55. d7 Re7 56. d8=Q Rxf7 57. Qg5+ 1-0

[Event "AUT-ch Open 2020"]
[Site "Graz"]
[Date "2020.02.21"]
[Round "9.28"]
[White "Peycheva, Gergana"]
[Black "Nomin-Erdene, Davaademberel"]
[Result "1-0"]
[WhiteElo "2417"]
[BlackElo "2417"]
[Annotator "ChessBase"]
[PlyCount "71"]
[EventDate "2020.02.14"]
[EventType "swiss"]
[EventCountry "AUT"]
[SourceTitle "playchess.com"]
[Source "ChessBase"]
[SourceQuality "1"]

1. d4 f5 2. g3 Nf6 3. Bg2 g6 4. Nh3 Bg7 5. Nf4 Nc6 6. d5 Ne5 7. Nc3 c6 8. h4 Nfg4 9. f3 Nf6 10. h5 Qb6 11. h6 Bf8 12. b3 Nf7 13. Qd3 Bxh6 14. Be3 Qa5 15. O-O-O Bg7 16. Bd4 c5 17. Bf2 Ng4 18. Be1 Nfe5 19. Qb5 Qa3+ 20. Kd2 a6 21. Qa4 Nc4+ 22. Qxc4 b5 23. Nb1 Qa5+ 24. b4 Ne5 25. Qb3 Qc7 26. Na3 cxb4 27. Qxb4 a5 28. Nxb5 Nc4+ 29. Kc1 Qxf4+ 30. gxf4 axb4 31. Nc7+ Kf7 32. Nxa8 Bb7 33. Nc7 Rc8 34. d6 Ra8 35. Nxa8 Bxa8 36. Bxb4 1-0

[Event "AUT-ch Open 2020"]
[Site "Graz"]
[Date "2020.02.21"]
[Round "9.29"]
[White "Szotkowski, Jakub"]
[Black "Giannoulakis, Lampros"]
[Result "1-0"]
[WhiteElo "2266"]
[BlackElo "2266"]
[Annotator "ChessBase"]
[PlyCount "120"]
[EventDate "2020.02.14"]
[EventType "swiss"]
[EventCountry "AUT"]
[SourceTitle "playchess.com"]
[Source "ChessBase"]
[SourceQuality "1"]

1. d4 Nf6 2. c4 g6 3. g3 Bg7 4. Bg2 O-O 5. Nc3 c6 6. e4 d6 7. Nf3 Bg4 8. h3 Bxf3 9. Bxf3 e5 10. dxe5 dxe5 11. Be3 Na6 12. O-O Re8 13. a3 Nd7 14. b4 Nc7 15. Bg4 Nf8 16. Ra2 Nce6 17. Rd2 Qc7 18. Ne2 Rad8 19. Kg2 h5 20. Bf3 Rxd2 21. Qxd2 Rd8 22. Qc1 Nd4 23. Nxd4 exd4 24. Bg5 Rd7 25. Rd1 Ne6 26. Rd3 c5 27. Bd2 b5 28. Be2 cxb4 29. cxb5 Qxc1 30. Bxc1 Nc5 31. axb4 Nxd3 32. Bxd3 Rc7 33. Bd2 Kf8 34. f4 Ke7 35. Kf3 Ke6 36. h4 f6 37. Ke2 Bf8 38. Bb1 Bd6 39. Ba2+ Ke7 40. Kd3 Rc8 41. Bd5 Bc7 42. Bc4 Rf8 43. Bd5 Rb8 44. Bc4 Kf8 45. Bc1 Rb7 46. Bb2 Bb6 47. Bc1 Bd8 48. Bb2 g5 49. Bxd4 gxh4 50. gxh4 Rg7 51. Be6 Ke7 52. Bf5 Bb6 53. Bc5+ Kf7 54. Kd4 Rg1 55. Kd5 Rc1 56. Be6+ Ke8 57. Kd6 Kd8 58. Bd5 Rf1 59. f5 Rf4 60. Ke6 Rxh4 1-0

[Event "AUT-ch Open 2020"]
[Site "Graz"]
[Date "2020.02.21"]
[Round "9.30"]
[White "Frank, Emanuel"]
[Black "Leisch, Lukas"]
[Result "0-1"]
[WhiteElo "2352"]
[BlackElo "2286"]
[Annotator "ChessBase"]
[PlyCount "118"]
[EventDate "2020.02.14"]
[EventType "swiss"]
[EventCountry "AUT"]
[SourceTitle "playchess.com"]
[Source "ChessBase"]
[SourceQuality "1"]

1. d4 Nf6 2. c4 g6 3. Nc3 Bg7 4. e4 d6 5. Nf3 O-O 6. Be2 e5 7. d5 a5 8. Bg5 h6 9. Bh4 g5 10. Bg3 Nh5 11. h4 Nxg3 12. fxg3 g4 13. Nd2 h5 14. c5 dxc5 15. Nc4 Nd7 16. Ne3 Nf6 17. O-O Ne8 18. Nb5 Ra6 19. Qc2 Bh6 20. Qxc5 c6 21. Na3 Qd6 22. Qc3 b5 23. Nf5 Bxf5 24. Rxf5 Ng7 25. Rff1 cxd5 26. Bxb5 d4 27. Qd3 Raa8 28. Bc4 Qg6 29. Bd5 Rad8 30. Rad1 Rxd5 31. exd5 Qxd3 32. Rxd3 Rd8 33. Nc4 Rxd5 34. Re1 f6 35. Ra3 Ne6 36. Rd1 Rc5 37. b3 e4 38. Rxa5 Rxa5 39. Nxa5 d3 40. Nc6 Kf7 41. b4 Ng7 42. b5 Nf5 43. Nb4 d2 44. Nd5 e3 45. Nc3 Nxg3 46. b6 e2 47. Nxe2 Nxe2+ 48. Kh2 Bf4+ 49. g3 Nxg3 50. b7 Ne4+ 51. Kg2 Ke6 52. Rf1 Bb8 53. Rd1 Kd5 54. a4 Kc6 55. a5 Kxb7 56. a6+ Kxa6 57. Ra1+ Kb7 58. Rb1+ Kc8 59. Rc1+ dxc1=N 0-1

[Event "AUT-ch Open 2020"]
[Site "Graz"]
[Date "2020.02.21"]
[Round "9.31"]
[White "Yeritsyan, Aram"]
[Black "Tuncer, Tuna"]
[Result "1/2-1/2"]
[WhiteElo "2283"]
[BlackElo "2283"]
[Annotator "ChessBase"]
[PlyCount "94"]
[EventDate "2020.02.14"]
[EventType "swiss"]
[EventCountry "AUT"]
[SourceTitle "playchess.com"]
[Source "ChessBase"]
[SourceQuality "1"]

1. d3 g6 2. f4 Bg7 3. Nf3 d6 4. g3 e5 5. fxe5 dxe5 6. Nc3 Ne7 7. Bg2 O-O 8. O-O Nbc6 9. e4 h6 10. Be3 Be6 11. Qd2 Kh7 12. Rf2 Qd7 13. Raf1 Nd4 14. Nh4 c5 15. b3 Rad8 16. Nd1 b6 17. Qc1 Ndc6 18. Kh1 Nd4 19. Bd2 a5 20. a4 b5 21. axb5 Qxb5 22. Nc3 Qc6 23. Nf5 Ng8 24. Nxg7 Kxg7 25. Be3 Ra8 26. Qa3 Ne7 27. Na4 Rac8 28. Qc1 Ng8 29. Qd2 f6 30. Ra1 Bxb3 31. cxb3 Nxb3 32. Qa2 Nxa1 33. Qxa1 Qd6 34. Qa3 Rf7 35. Nxc5 Rb7 36. Bh3 Rb1+ 37. Kg2 Rc6 38. Qxa5 f5 39. Qa7+ Kh8 40. exf5 Qd5+ 41. Ne4 Qxd3 42. Nd2 Qd5+ 43. Rf3 Rb2 44. fxg6 Rxg6 45. Qf7 Rxd2+ 46. Bxd2 Qxd2+ 47. Rf2 Qd6 1/2-1/2

[Event "AUT-ch Open 2020"]
[Site "Graz"]
[Date "2020.02.21"]
[Round "9.32"]
[White "Chylewski, Patryk"]
[Black "Breneis, Lukas"]
[Result "1/2-1/2"]
[WhiteElo "2250"]
[BlackElo "2350"]
[Annotator "ChessBase"]
[PlyCount "60"]
[EventDate "2020.02.14"]
[EventType "swiss"]
[EventCountry "AUT"]
[SourceTitle "playchess.com"]
[Source "ChessBase"]
[SourceQuality "1"]

1. e4 e5 2. Nf3 Qe7 3. Bc4 d6 4. O-O Be6 5. Bxe6 fxe6 6. d4 exd4 7. e5 Nc6 8. Re1 dxe5 9. Nxe5 Nxe5 10. Rxe5 O-O-O 11. Bg5 Nf6 12. Nd2 h6 13. Bh4 g5 14. Bg3 Bg7 15. Rb5 Rd5 16. a4 a6 17. Rb3 e5 18. Ne4 Nxe4 19. Qg4+ Qd7 20. Qxe4 Qc6 21. Rf3 Rd7 22. Qxc6 bxc6 23. Re1 Re8 24. Re4 c5 25. Kf1 Re6 26. Ke2 c4 27. Kd2 c5 28. Rf5 Kb7 29. f3 Rde7 30. h4 Bf6 1/2-1/2